01256nam a2200277Ia 450000100060000000300090000600800410001504000130005604000130006904100130008210000170009510000290011224200480014124200340018924200080022324500540023124500540028525000110033926000100035026000140036026000490037430000430042350004390046665000420090565000310094737947IT-RoPAU130308s9999 xx 000 0 und d aIT-RoPAU cIT-RoPAU aFRANCESE aBabin Pierre gCodice Aut. SPICS: 9703 aCATECHESI nell'era DELLA COMUNICAZIONE (LA) nCod. Traduzione Titolo: 84723 yITA aEre de la communication (L')-Reflexion chretienne bEre de la Communication (L')-Reflexion Chretienne a1a ed. aPARIS bCenturion c1986 [1° Ed.:1986 - Ed.Ling.Originale:1986] a"228 p. (prefazione: no ; testo: 228)" aEra della Comunicazione Informazione dono della Comunicazione progetto Cristiano di Comunicazione schemi di Comunicazione modulazione Comunicazione Alfabetica Comunicazione di Amicizia Chiesa e Comunicazione Comunicazione di Spirito Riflessione Cristiana Comunicazione dei poveri Comunicazione della fede sentimento Religioso Bontà via e Linguaggio Simbolico catechesi e via Simbolica catechesi e Stereo Media per L'Evangelizzazione aSAGGI PASTORALE COMUNICAZIONE SOCIALE eCodice materia Spics: 9311